| 000 | 01372cam a2200433 4500 | ||
|---|---|---|---|
| 001 | M1475 | ||
| 008 | 090401t1994 xxu||||| |||| 00| 0 eng d | ||
| 035 | _a(Sirsi) u32266 | ||
| 041 | _aeng | ||
| 050 | _a333.332 | ||
| 090 | _aRICS 1994/8A | ||
| 110 |
_aRoyal Institution of Chartered Surveyors _94900 |
||
| 245 | _aManual of valuation guidance notes (third edition). Amendments 3 (dated March 1994) | ||
| 260 |
_aLondon _bRICS _c1994 |
||
| 300 | _a35 sheets ; 30cm. | ||
| 350 | _a0 | ||
| 520 | _aContains new Valuation Guidance Notes on Valuation and Appraisal of Commercial Land and Buildings for Secured Lending Purposes and Capital Valuation of Hotel, Leisure and Licensed Properties. | ||
| 650 | _aGOODWILL | ||
| 650 | _aHOTELS | ||
| 650 |
_aInsurance _96249 |
||
| 650 | _aLEISURE PROPERTY | ||
| 650 | _aLICENSED PROPERTY | ||
| 650 | _aLOCAL AUTHORITY ASSETS | ||
| 650 | _aMINERAL VALUATION | ||
| 650 | _aMORTGAGE VALUATIONS | ||
| 650 | _aPLANT AND MACHINERY | ||
| 650 | _aREINSPECTIONS | ||
| 650 | _aREINSTATEMENT COST ASSESSMENT | ||
| 650 |
_aRESIDENTIAL PROPERTY _96266 |
||
| 650 | _aREVALUATIONS | ||
| 650 | _aSECURED LENDING | ||
| 650 | _aVALUATION GUIDANCE NOTES | ||
| 650 | _aVALUATION SURVEY | ||
| 650 | _aWATER RIGHTS | ||
| 650 | _aWHITE BOOK | ||
| 690 | _aRATING AND VALUATION | ||
| 942 | _n0 | ||
| 948 | _c04/03/1997 | ||
| 999 |
_c89703 _d89703 |
||